| 000 | 00802nam a22002177a 4500 | ||
|---|---|---|---|
| 999 |
_c8792 _d8792 |
||
| 003 | AR-CdUCM | ||
| 008 | 190326b ||||| |||| 00| 0 spa d | ||
| 040 |
_aMUNICIPALIDAD PROVINCIAL DEL CUSCO _cBIBLIOTECA MUNICIPAL DEL CUSCO |
||
| 082 |
_a869.57 / _bR84 |
||
| 100 |
_aRosas Paravicino, Enrique _9417 |
||
| 245 | _aPocos héroes y muchos difuntos / | ||
| 260 |
_aCusco : _bGobierno Regional Cusco, _c2015. |
||
| 300 |
_a119 páginas ; _c20 cm. |
||
| 505 | _aContenido: Temporal en la cuesta de los difuntos -- Ciudad apocalíptica -- Sombra por castigo real -- Por la puerta del viento -- Noticias del viejo tigre. | ||
| 650 |
_aLiteratura peruana _9169 |
||
| 650 |
_aSiglo XXI _92856 |
||
| 650 |
_aCuentos _9217 |
||
| 710 |
_aProyecto Yachay Chaski _924515 |
||
| 942 |
_2ddc _cLIBROS |
||
| 945 | _aachl | ||